000 00579nam a2200217Ia 4500
003 OSt
005 20230606104855.0
008 210423s2017 xx 000 0 und d
020 _a978-81-8455-075-7
040 _cAL
041 _aeng
082 _a574.5 MOHE
100 _aMOHAN (Madan G)
_9119968
245 _aEcology and environment: issues and challenges
260 _aNew Delhi
_bOmega Publications
_c2017
300 _avi,274
_bHB
365 _b900
_cINR
650 _aEcology
_9119969
906 _achallenges ; Ecology ; environment: ; issues
942 _2ddc
_cBK
999 _c176705
_d176705